00576nam a2200181Ia 4500008004100000020001500041041001200056082001600068100001300084245003700097260004000134300000800174650001500182700001200197942000700209999001300216952016500229221030s9999 xx 000 0 und d a1861524722 aEnglish a105.23bDwo aI. Dwole 0aInternational Marketing Strategy bThomason Asia Ltd.aSingaporec2002 a572 aManagement aR. Lowe cBK c415d415 pMBA 164g350.00l0o105.23 Dwor2024-04-19 00:00:00w2022-10-30yBK003Print40718RaMIETLIBbMIETLIBcBL-Second, FL-1, CUP-65, SH-2, R-2d2005-03-1410HMBA